000 00586nam a2200205Ia 4500
003 GCL
008 140319s9999 xx 000 0 ara d
040 _aGCL /
_cGCL
082 0 4 _a953.074
_bا م
100 1 _aايمن فؤاد سيد
245 1 0 _aمصادر تاريخ اليمن فى العصر الاسلامى /
_cايمن فؤاد سيد
300 _a501
490 _a100 قصة
_v0
650 0 4 _aتاريخ
650 0 4 _aاليمن
650 0 4 _aالتاريخ الاسلامى
650 0 4 _aالمخطوطات
650 0 4 _aاليمن القديم
942 _2ddc
_cBK
999 _c43462
_d43462